000 00202 a2200097 4500
001 47631
100 _aBrown H
245 _aThe Balloon
260 _aLondon
_bMacmillan & Co
_c
090 _c30643
_d30643
942 _aNUST-CAE
_cM
_c22940
999 _c282704
_d282704